| 000 | 00521nam a22001457a 4500 | ||
|---|---|---|---|
| 020 | _a978-93-5520-380-9 | ||
| 082 |
_a823 _bRUP/C |
||
| 100 | _aRUPA PUBLICATIONS | ||
| 245 |
_aTHE CHAMPAK STORY BOX VOLUME 5 _bON LOVE, KINDNESS AND MYSTERY |
||
| 260 |
_aDELHI _bRUPA PUBLICATIONS _c2022 |
||
| 300 | _a145 | ||
| 520 | _aSimple in nature but filled with message about self confidence, kindness and determination the stories in these books are portrayed via themes ... | ||
| 650 |
_aCHILDRENS STORY BOOK _zINDIA |
||
| 942 | _cBK | ||
| 999 |
_c7158 _d7158 |
||